000 00468nam a22001457a 4500
003 OSt
005 20250826150452.0
008 250826b |||||||| |||| 00| 0 eng d
040 _c0
082 _aDPer 320.05 As421 April-December 2020 v. 28 n. 1-3
245 _aAsian journal of political science /
260 _aUnited Kingdom ;
_bTaylor & Francis Group ,
_cApril-December 2020.
300 _aVolume 28, various paging :
_billustrations ;
_c26 cm.
942 _2ddc
_cPER
999 _c23652
_d23652